| 000 | 01267nam a22003497a 4500 | ||
|---|---|---|---|
| 003 | CHAP | ||
| 005 | 20220329143848.0 | ||
| 008 | 120308s2009 it r 00010 d | ||
| 010 | _a102925 | ||
| 011 | _a103897 | ||
| 020 | _a9789250063096 | ||
| 035 | _a114586 | ||
| 040 | _cCHAP | ||
| 082 | 0 | 4 |
_a639.2 _bF46b v.894 |
| 110 | 2 |
_aFAO. Comisión General de Pesca para el Mediterráneo _939486 |
|
| 245 | 1 | 0 | _aReport of the session of the Committee on Aquaculture /por FAO. Comisión General de Pesca para el Mediterráneo |
| 260 |
_aRoma : _bFAO, _c2009 |
||
| 300 | _avi, 31 p. | ||
| 490 | 0 |
_aFAO. Informe de pesca y acuicultura _v; 894 |
|
| 500 | _aEdición bilingüe (inglés, francés) | ||
| 500 | _aTirana, Albania, 17-19 December 2008 | ||
| 590 |
_aBATCH-UPD _b10 _c20130110 _lUCH01 _h2111 |
||
| 590 |
_aBATCH-UPD _b10 _c20130410 _lUCH01 _h0654 |
||
| 590 |
_aBATCH-UPD _b10 _c20130914 _lUCH01 _h1350 |
||
| 590 |
_aCONVERSION _b10 _c20130109 _lUCH01 _h1357 |
||
| 650 | 4 |
_aAgricultura _zRegion mediterranea. _91937 |
|
| 650 | 4 |
_aPesca _xRegión Mediterránea. _987410 |
|
| 830 | 1 | 0 |
_aFAO. Informe de pesca y acuicultura _v; 894 _939588 |
| 901 | _aBK | ||
| 942 | _cLIBRO | ||
| 949 |
_a639.2 F46b v.894 _bBC _cFAO _d33724002160941 _eFAO1 _gDonaciØn _h114586 _i114586 _sb |
||
| 999 |
_c102925 _d102925 |
||